000 01044nam a22002777a 4500
999 _c8086
_d8086
003 AR-CdUCM
008 190322b ||||| |||| 00| 0 spa d
040 _aMUNICIPALIDAD PROVINCIAL DEL CUSCO
_cBIBLIOTECA MUNICIPAL DEL CUSCO
082 _a001.42 /
_bAP64
100 _aApaza, Marcelino Maxi
_922841
245 _aMetodologia de la Investigación Cientifica /
260 _aCusco :
_bImprenta Liwi,
_c2015.
300 _a189 paginas ;
_c21 cm.
500 _aInvestigacion oara la Elaboración de proyectos de Investigación ( tesis )
505 _aContenido: Diseño de investigacion -- problema de investigacion -- planteamiento -- objetivo -- hipotesis de la investigación...
650 _aMetodologia
_92264
650 _aInvestigación cientifica
_99735
650 _aHipotesis
_920210
650 _aTesis
_91981
650 _aElaboración
_922842
650 _aProyecto de investigación
_922843
700 _aAlca Huancachoque, Vladimir
_922844
700 _aSuca Ramos, Hilario
_922845
942 _2ddc
_cLIBROS
945 _apjha